Videoobhliadky - interaktívne online obhliadky nehnuteľností
Gespeichert in:
| 1. Verfasser: | |
|---|---|
| Format: | Buchkapitel |
| Sprache: | Slowakisch |
| Schlagworte: | |
| Tags: |
Keine Tags, Fügen Sie das erste Tag hinzu!
|
MARC
| LEADER | 00000naa$a2200000$$$4500 | ||
|---|---|---|---|
| 001 | 0225867 | ||
| 005 | 20240502073715.1 | ||
| 041 | 0 | |a slo | |
| 044 | |a SK | ||
| 245 | 1 | 0 | |a Videoobhliadky - interaktívne online obhliadky nehnuteľností |c Ráchel Hagarová |
| 610 | 2 | 0 | |a štúdie prípadové |
| 610 | 2 | 0 | |a start-up |
| 610 | 2 | 0 | |a realita virtuálna |
| 610 | 2 | 0 | |a turistika |
| 610 | 2 | 0 | |a pamiatky |
| 610 | 2 | 0 | |a prostriedky audiovizuálne |
| 610 | 2 | 0 | |a nehnuteľnosti |
| 100 | 1 | |a Hagarová, Ráchel, 1990- | |